Community ecology (Record no. 1237976)

MARC details
000 -LEADER
fixed length control field 00697nam a2200253Ia 4500
005 - DATE AND TIME OF LATEST TRANSACTION
control field 20250117103641.0
008 - FIXED-LENGTH DATA ELEMENTS--GENERAL INFORMATION
fixed length control field 008 250103s9999 xx 000 0 eng d
020 ## - INTERNATIONAL STANDARD BOOK NUMBER
International Standard Book Number 9781405124119
037 ## - SOURCE OF ACQUISITION
Stock number Textual
040 ## - CATALOGING SOURCE
Original cataloging agency CSL
Language of cataloging eng
Transcribing agency CSL
041 ## - LANGUAGE CODE
Language code of text/sound track or separate title eng
Source of code eng
084 ## - COLON CLASSIFICATION NUMBER
Classification number G:56 Q1-;1
Assigning agency CSL
100 ## - MAIN ENTRY--PERSONAL NAME
Personal name Morin, Peter J
9 (RLIN) 710829
245 #0 - TITLE STATEMENT
Title Community ecology
Statement of responsibility, etc. Morin, Peter J
250 ## - EDITION STATEMENT
Edition statement 2nd
260 ## - PUBLICATION, DISTRIBUTION, ETC.
Place of publication, distribution, etc. West Sussex
Name of publisher, distributor, etc. John Wiley
Date of publication, distribution, etc. 2011
300 ## - PHYSICAL DESCRIPTION
Extent x, 407p. ill.
650 ## - SUBJECT ADDED ENTRY--TOPICAL TERM
Topical term or geographic name entry element Biotic communities
9 (RLIN) 710376
650 ## - SUBJECT ADDED ENTRY--TOPICAL TERM
Topical term or geographic name entry element Food webs
9 (RLIN) 710830
650 ## - SUBJECT ADDED ENTRY--TOPICAL TERM
Topical term or geographic name entry element Habital selection
9 (RLIN) 734508
650 ## - SUBJECT ADDED ENTRY--TOPICAL TERM
Topical term or geographic name entry element Botany
942 ## - ADDED ENTRY ELEMENTS (KOHA)
Koha item type Textual
Classification part G:56 Q1-;1
Holdings
Withdrawn status Lost status Damaged status Not for loan Home library Current library Date acquired Source of acquisition Inventory number Total Checkouts Full call number Barcode Date last seen Price effective from Koha item type
        Central Science Library Central Science Library 2025-01-17 N R Book Distributors 76, 22/02/2024   G:56 Q1-;1 SL1655926 2025-01-17 2025-01-17 Textual
Copyright @ Delhi University Library System